Statistics for SpiceJet Destinations-Mumbai

Click here to take the quiz!

General Stats

  • This quiz has been taken 11 times
  • The average score is 17 of 27

Answer Stats

Country Airport % Correct
India-KarnatakaBangalore
100%
India-RajasthanJaipur
100%
India-TelanganaHyderabad
100%
India-Tamil NaduChennai
100%
India-DelhiDelhi
100%
India-Uttar PradeshVaranasi
91%
UAEDubai
91%
India-GoaGoa
91%
India-GujaratAhmedabad
82%
India-West BengalKolkata
82%
India-Jammu and KashmirJammu
82%
India-Jammu and KashmirSrinagar
82%
India-KeralaCochin
82%
India-GujaratSurat
73%
India-AssamGuwahati
73%
India-Madhya PradeshBhopal
73%
India-BiharPatna
64%
India-Uttar PradeshKanpur
55%
India-Tamil NaduMadurai
45%
India-Madhya PradeshJabalpur
45%
India-Andhra PradeshVisakhapatnam
36%
India-KarnatakaHubli
18%
India-GujaratPorbandar
18%
India-Andhra PradeshTirupati
18%
India-AssamSilchar
9%
India-Uttar PradeshGorakhpur
9%
India-GujaratKandla
0%

Score Distribution

Percentile by Number Answered

Percent of People with Each Score

Your Score History

You have not taken this quiz